[Event "Sao Paulo op-B U2050 8th"]
[Site "Sao Paulo"]
[Date "2019.10.18"]
[Round "2"]
[White "Da Silva, Tobias Gonzaga"]
[Black "Duailibe, Ricardo Miguel"]
[Result "0-1"]
[WhiteElo "1679"]
[BlackElo "1847"]
[PlyCount "96"]
[EventDate "2019.10.17"]
[EventType "swiss"]
[EventRounds "6"]
[EventCountry "BRA"]
[SourceTitle "CBM 192 Extra"]
[Source "Chessbase"]
[SourceDate "2019.11.06"]
[SourceVersion "1"]
[SourceVersionDate "2019.11.06"]
[SourceQuality "1"]

1. e4 c5 2. Nf3 e6 3. c3 Nc6 4. Be2 d5 5. exd5 exd5 6. d4 Nf6 7. 0-0 Be7 8. dxc5 Bxc5 9. Nbd2 0-0 10. Nb3 Be7 11. Bg5 h6 12. Bxf6 Bxf6 13. Nfd4 Be5 14. Re1 Re8 15. h3 Bc7 16. Bg4 Rxe1+ 17. Qxe1 Bxg4 18. hxg4 Qd7 19. Qd1 Re8 20. Qf3 Qd6 21. g3 Ne5 22. Qg2 a6 23. Re1 Bb6 24. Kf1 Kf8 25. f4 Nc4 26. Rxe8+ Kxe8 27. Qe2+ Qe7 28. Qxe7+ Kxe7 29. Nf5+ Kf6 30. Ke2 Nxb2 31. Nd6 Na4 32. c4 Ke6 33. Nf5 dxc4 34. Nxg7+ Kf6 35. Nh5+ Kg6 36. Nd2 Nc3+ 37. Ke1 f5 38. Nxc4 fxg4 39. Nxb6 Kxh5 40. Kf2 Nxa2 41. Nd7 b5 42. Nf6+ Kg6 43. Nxg4 Nc3 44. Ke3 h5 45. Ne5+ Kf5 46. Nc6 Kg4 47. Kf2 Ne4+ 48. Kg2 Nxg3 0-1

[Event "Sao Paulo op-B U2050 8th"]
[Site "Sao Paulo"]
[Date "2019.10.17"]
[Round "1"]
[White "Torres, Eduardo Lisboa"]
[Black "Da Silva, Tobias Gonzaga"]
[Result "1-0"]
[WhiteElo "1866"]
[BlackElo "1679"]
[PlyCount "69"]
[EventDate "2019.10.17"]
[EventType "swiss"]
[EventRounds "6"]
[EventCountry "BRA"]
[SourceTitle "CBM 192 Extra"]
[Source "Chessbase"]
[SourceDate "2019.11.06"]
[SourceVersion "1"]
[SourceVersionDate "2019.11.06"]
[SourceQuality "1"]

1. d4 Nf6 2. c4 e6 3. Nf3 b6 4. g3 Bb7 5. Bg2 Be7 6. Nc3 0-0 7. d5 a5 8. 0-0 Na6 9. Nh4 Nc5 10. e4 d6 11. f4 Nfd7 12. Nf3 Bf6 13. Nd4 Re8 14. e5 dxe5 15. dxe6 exd4 16. Bxb7 Nxb7 17. exd7 Qxd7 18. Nd5 Qd6 19. f5 Be5 20. Qg4 f6 21. Bh6 Qd7 22. Rae1 Qf7 23. Bf4 c6 24. Nxb6 Rad8 25. Bxe5 fxe5 26. f6 g6 27. c5 Nxc5 28. Nc4 Nd3 29. Re2 h5 30. Qe4 Nc5 31. Qxc6 d3 32. Rxe5 Rxe5 33. Nxe5 Qf8 34. f7+ Kh7 35. Qxg6+ 1-0

[Event "Pocos de Caldas op"]
[Site "Pocos de Caldas"]
[Date "2018.03.04"]
[Round "6"]
[White "Da Silva, Tobias Gonzaga"]
[Black "Carvalho, Vivian dos Santos"]
[Result "0-1"]
[WhiteElo "1732"]
[BlackElo "1470"]
[PlyCount "106"]
[EventDate "2018.03.02"]
[EventType "swiss"]
[EventRounds "6"]
[EventCountry "BRA"]
[SourceTitle "CBM 183 Extra"]
[Source "ChessBase"]
[SourceDate "2018.04.19"]
[SourceVersion "1"]
[SourceVersionDate "2018.04.19"]
[SourceQuality "1"]

1. e4 c5 2. Nf3 Nc6 3. d4 cxd4 4. Nxd4 g6 5. Be2 Bg7 6. Nb3 d6 7. Nc3 Nf6 8. 0-0 0-0 9. Re1 a6 10. Bf1 b5 11. a4 b4 12. Nd5 Bb7 13. Bg5 Nd7 14. Rb1 h6 15. Bh4 g5 16. Bg3 Nb6 17. a5 Nxd5 18. exd5 Nxa5 19. Nxa5 Qxa5 20. Rxe7 Qxd5 21. Qxd5 Bxd5 22. Bxd6 a5 23. b3 Rfd8 24. Bg3 Be6 25. Bd3 Bc3 26. Rb7 Bc8 27. Rb6 Be6 28. Rb5 Rd5 29. Rd1 a4 30. bxa4 Rxa4 31. Rxd5 Bxd5 32. Bb5 Ra1 33. Rxa1 Bxa1 34. Bd6 Bc3 35. f3 Kg7 36. Kf2 b3 37. cxb3 Bxb3 38. g4 Be6 39. Bc6 Bd4+ 40. Kg2 f5 41. h3 f4 42. Bb5 Bd5 43. Be2 Kf7 44. Kf1 Bf6 45. Bd1 Be7 46. Bxe7 Kxe7 47. Ke2 Bc4+ 48. Kf2 Kd6 49. Bc2 Ke5 50. Be4 Kd4 51. Ba8 Bd5 52. Bxd5 Kxd5 53. Ke2 Kc4 0-1

[Event "Florianopolis op 4th"]
[Site "Florianopolis"]
[Date "2018.01.24"]
[Round "8"]
[White "Da Silva, Tobias Gonzaga"]
[Black "Seiffert, Gabriel Pamplona"]
[Result "0-1"]
[WhiteElo "1732"]
[BlackElo "1400"]
[PlyCount "64"]
[EventDate "2018.01.19"]
[EventType "swiss"]
[EventRounds "10"]
[EventCountry "BRA"]
[SourceTitle "EXT 2019"]
[Source "ChessBase"]
[SourceDate "2018.10.10"]
[SourceVersion "1"]
[SourceVersionDate "2018.10.10"]
[SourceQuality "1"]

1. e4 e5 2. Nf3 Nc6 3. Bb5 a6 4. Ba4 Nf6 5. d3 b5 6. Bb3 Be7 7. 0-0 0-0 8. Re1 d6 9. c3 Bg4 10. Nbd2 Na5 11. Bc2 c5 12. h3 Bh5 13. Nf1 h6 14. Ne3 Bg6 15. Nh4 Qd7 16. Nxg6 fxg6 17. b4 cxb4 18. cxb4 Nc6 19. Bb3+ Kh7 20. Nd5 Nxd5 21. Bxd5 Rac8 22. a3 Nd4 23. Be3 Nc2 24. Qd2 Nxa1 25. Rxa1 Rf6 26. g4 Rcf8 27. d4 exd4 28. Qxd4 Qd8 29. Qa7 Rf3 30. Rc1 Rxh3 31. Rc7 Bf6 32. f4 Rxe3 0-1

[Event "BRA-ch Amateur U1800"]
[Site "Sao Paulo"]
[Date "2017.10.12"]
[Round "2"]
[White "Da Silva, Tobias Gonzaga"]
[Black "Oliveira, Danyel Angelo Aquin"]
[Result "1-0"]
[WhiteElo "1704"]
[BlackElo "1764"]
[PlyCount "28"]
[EventDate "2017.10.12"]
[EventType "swiss"]
[EventRounds "7"]
[EventCountry "BRA"]
[SourceTitle "EXT 2019"]
[Source "ChessBase"]
[SourceDate "2018.10.10"]
[SourceVersion "1"]
[SourceVersionDate "2018.10.10"]
[SourceQuality "1"]

1. e4 c6 2. d4 d5 3. exd5 cxd5 4. Bd3 Nc6 5. c3 Qc7 6. Nf3 Bg4 7. Nbd2 e6 8. Nf1 Bd6 9. Ng3 Nge7 10. 0-0 0-0 11. Bxh7+ Kh8 12. Bd3 Ng6 13. h3 Bxg3 14. fxg3 Qxg3 1-0

[Event "Curitiba IEP&Copel op"]
[Site "Curitiba"]
[Date "2017.05.14"]
[Round "5"]
[White "Silva, Adriano Da"]
[Black "Da Silva, Tobias Gonzaga"]
[Result "1-0"]
[WhiteElo "1948"]
[BlackElo "1713"]
[PlyCount "59"]
[EventDate "2017.05.12"]
[EventType "swiss"]
[EventRounds "6"]
[EventCountry "BRA"]
[SourceTitle "CBM 178 Extra"]
[Source "ChessBase"]
[SourceDate "2017.06.22"]
[SourceVersion "1"]
[SourceVersionDate "2017.06.22"]
[SourceQuality "1"]

1. Nf3 Nf6 2. d4 e6 3. g3 Be7 4. Bg2 d5 5. c4 b6 6. 0-0 0-0 7. Nc3 Bb7 8. b3 c6 9. Bb2 Nbd7 10. Rc1 Rc8 11. Re1 Re8 12. Ne5 Nxe5 13. dxe5 Ng4 14. e4 Nxe5 15. exd5 Bf6 16. dxe6 fxe6 17. Ne4 Nf3+ 18. Qxf3 Bxb2 19. Rcd1 Bd4 20. Ng5 Bxf2+ 21. Qxf2 Qxg5 22. Rd7 Rf8 23. Qe2 Qc5+ 24. Kh1 Rb8 25. Qxe6+ Kh8 26. Qg4 Rg8 27. Rde7 Bc8 28. Qf4 Bb7 29. Qc7 Qd4 30. Qxb8 1-0

[Event "Sao Paulo op-B U2050 6th"]
[Site "Sao Paulo"]
[Date "2017.04.15"]
[Round "4"]
[White "Da Silva, Tobias Gonzaga"]
[Black "Barbosa, Flavio Novais"]
[Result "0-1"]
[WhiteElo "1699"]
[BlackElo "1857"]
[PlyCount "70"]
[EventDate "2017.04.14"]
[EventType "swiss"]
[EventRounds "6"]
[EventCountry "BRA"]
[SourceTitle "EXT 2019"]
[Source "ChessBase"]
[SourceDate "2018.10.10"]
[SourceVersion "1"]
[SourceVersionDate "2018.10.10"]
[SourceQuality "1"]

1. e4 e6 2. d4 b6 3. Nd2 Bb7 4. Bd3 Nf6 5. Ne2 d5 6. e5 Nfd7 7. Nf3 c5 8. c3 Nc6 9. 0-0 Be7 10. Re1 c4 11. Bc2 b5 12. Nd2 Qb6 13. f4 g5 14. f5 Ncxe5 15. fxe6 fxe6 16. Ng3 0-0-0 17. Kh1 Ng6 18. Nf3 Nf4 19. Bxf4 gxf4 20. Nf5 Bf6 21. Nh6 Rde8 22. Nf7 Rhf8 23. N7e5 Bxe5 24. Nxe5 Nf6 25. b3 Ne4 26. Qf3 cxb3 27. axb3 Rf5 28. Rec1 Kd8 29. Rd1 Rxe5 30. Qxf4 Rf5 31. Qh4+ Kc8 32. Bxe4 dxe4 33. c4 Ref8 34. Rg1 Qxd4 35. cxb5 Qxa1 0-1

[Event "Pocos de Caldas op"]
[Site "Pocos de Caldas"]
[Date "2017.03.12"]
[Round "5"]
[White "Da Silva, Tobias Gonzaga"]
[Black "Vicentin, Marcos Tadeu"]
[Result "0-1"]
[WhiteElo "1696"]
[BlackElo "1937"]
[PlyCount "76"]
[EventDate "2017.03.10"]
[EventType "swiss"]
[EventRounds "6"]
[EventCountry "BRA"]
[SourceTitle "EXT 2018"]
[Source "ChessBase"]
[SourceDate "2017.10.13"]
[SourceVersion "1"]
[SourceVersionDate "2017.10.13"]
[SourceQuality "1"]

1. e4 c5 2. Nc3 e6 3. d3 d5 4. f4 dxe4 5. Nxe4 Be7 6. Nf3 Nf6 7. Bd2 Nc6 8. c3 0-0 9. Be2 b6 10. 0-0 Ba6 11. Nxf6+ Bxf6 12. Qc2 Qe7 13. Rad1 Rfd8 14. Rfe1 Rd5 15. Be3 Rad8 16. Bf1 Qd7 17. Qa4 Na5 18. Qxd7 R8xd7 19. d4 Bxf1 20. Kxf1 Nc4 21. Re2 Nxe3+ 22. Rxe3 cxd4 23. cxd4 Bxd4 24. Nxd4 Rxd4 25. Rxd4 Rxd4 26. g3 Rd2 27. Re2 Rxe2 28. Kxe2 Kf8 29. Kd3 Ke7 30. Kc4 Kd6 31. Kd4 f6 32. b4 h5 33. Ke4 g6 34. h3 e5 35. fxe5+ fxe5 36. g4 hxg4 37. hxg4 Ke6 38. a3 Kd6 0-1

[Event "Florianopolis op 3rd"]
[Site "Florianopolis"]
[Date "2017.01.26"]
[Round "10"]
[White "Casarin, Luis Marcio Pinhatt"]
[Black "Da Silva, Tobias Gonzaga"]
[Result "1-0"]
[WhiteElo "1896"]
[BlackElo "1688"]
[PlyCount "111"]
[EventDate "2017.01.20"]
[EventType "swiss"]
[EventRounds "10"]
[EventCountry "BRA"]
[SourceTitle "CBM 176 Extra"]
[Source "ChessBase"]
[SourceDate "2017.03.02"]
[SourceVersion "1"]
[SourceVersionDate "2017.03.02"]
[SourceQuality "1"]

1. c4 c5 2. Nf3 Nf6 3. e3 b6 4. d4 e6 5. Nc3 Bb7 6. Be2 Be7 7. 0-0 0-0 8. a3 Na6 9. d5 d6 10. e4 Nd7 11. Rb1 Rc8 12. Nb5 exd5 13. exd5 Ra8 14. Bf4 Nf6 15. Re1 Nc7 16. Nc3 Bc8 17. Qc2 Bg4 18. h3 Bh5 19. Nd2 Bg6 20. Bd3 Qd7 21. Nde4 Nce8 22. Re2 Nxe4 23. Nxe4 Nf6 24. Nxf6+ Bxf6 25. Bxg6 hxg6 26. Rbe1 b5 27. cxb5 Qxb5 28. Bxd6 Rfd8 29. Bxc5 Rxd5 30. b4 Rad8 31. a4 Qb7 32. a5 Qd7 33. Qc4 Rg5 34. Be3 Rd5 35. Qa6 Bc3 36. Rb1 Rd1+ 37. Rxd1 Qxd1+ 38. Kh2 Bxb4 39. Rb2 Bd6+ 40. g3 Be5 41. Rb4 Qf3 42. Rg4 f5 43. Qe6+ Kf8 44. Bc5+ Bd6 45. Bxd6+ Rxd6 46. Qxd6+ Kf7 47. Qxg6+ Ke7 48. Qxg7+ Ke6 49. Qg8+ Kd6 50. Qd8+ Kc5 51. Qc7+ Kb5 52. Qe5+ Kc6 53. Rg6+ Kd7 54. Rd6+ Kc8 55. Qe8+ Kb7 56. Qe7+ 1-0

[Event "Florianopolis op 3rd"]
[Site "Florianopolis"]
[Date "2017.01.25"]
[Round "8"]
[White "Silveira da Silva, William"]
[Black "Da Silva, Tobias Gonzaga"]
[Result "0-1"]
[WhiteElo "1800"]
[BlackElo "1688"]
[PlyCount "122"]
[EventDate "2017.01.20"]
[EventType "swiss"]
[EventRounds "10"]
[EventCountry "BRA"]
[SourceTitle "CBM 176 Extra"]
[Source "ChessBase"]
[SourceDate "2017.03.02"]
[SourceVersion "1"]
[SourceVersionDate "2017.03.02"]
[SourceQuality "1"]

1. e4 e5 2. Nf3 Nc6 3. d4 exd4 4. Nxd4 Nxd4 5. Qxd4 c5 6. Qa4 Qc7 7. Nc3 Nf6 8. g3 a6 9. Bf4 Bd6 10. Nb5 axb5 11. Qxa8 Bxf4 12. gxf4 Nxe4 13. Bg2 Qxf4 14. 0-0 0-0 15. Rae1 Nd2 16. Re3 Nxf1 17. Bxf1 d6 18. Qa3 b4 19. Qa4 Be6 20. a3 Qg4+ 21. Rg3 Qd1 22. Rd3 Qa1 23. Qb5 bxa3 24. Rxa3 Qb1 25. c4 Bg4 26. Re3 f5 27. Qxb7 f4 28. Re7 Bh3 29. Qd5+ Kh8 30. Qd3 Qxd3 31. Bxd3 Ra8 32. Re1 g5 33. f3 Rb8 34. Re7 Kg8 35. Bxh7+ Kf8 36. Re2 Rb3 37. Be4 Kf7 38. Bd5+ Kf6 39. Kf2 Rd3 40. Ke1 g4 41. Re6+ Kg5 42. Be4 Re3+ 43. Kf2 gxf3 44. Rg6+ Kh5 45. Bb1 Bg2 46. Rxg2 fxg2 47. Kxg2 Kg4 48. h3+ Kh4 49. Bf5 Kg5 50. Bd7 Re2+ 51. Kf3 Re3+ 52. Kf2 Rb3 53. h4+ Kxh4 54. Bc6 Rxb2+ 55. Kf3 Kg5 56. Bd5 Rb3+ 57. Kf2 Kf5 58. Ke2 Ke5 59. Kf2 Re3 60. Bc6 Kd4 61. Bb7 Kxc4 0-1

[Event "BRA-ch Amateur U1800"]
[Site "Sao Paulo"]
[Date "2016.05.28"]
[Round "5"]
[White "Da Silva, Tobias Gonzaga"]
[Black "Costa, Edvaldo da Cruz"]
[Result "1-0"]
[WhiteElo "1586"]
[BlackElo "1749"]
[PlyCount "149"]
[EventDate "2016.05.26"]
[EventType "swiss"]
[EventRounds "7"]
[EventCountry "BRA"]
[SourceTitle "EXT 2019"]
[Source "ChessBase"]
[SourceDate "2018.10.10"]
[SourceVersion "1"]
[SourceVersionDate "2018.10.10"]
[SourceQuality "1"]

1. e4 c5 2. Nf3 Nc6 3. Be2 g6 4. c3 Bg7 5. d4 cxd4 6. cxd4 d5 7. exd5 Qxd5 8. Nc3 Qd8 9. Be3 Nf6 10. h3 0-0 11. 0-0 a6 12. a3 e6 13. Qc2 Ne7 14. Qd2 Nf5 15. Bf4 Nd5 16. Nxd5 exd5 17. g4 Nd6 18. Qb4 Ne4 19. Rac1 Re8 20. Rfe1 Bf8 21. Qb3 Bd6 22. Bxd6 Qxd6 23. Bd3 Be6 24. Qxb7 Reb8 25. Qc6 Qf4 26. Bxe4 Rc8 27. Qb7 dxe4 28. Rxc8+ Rxc8 29. Qxe4 Qxe4 30. Rxe4 Rc2 31. b4 Rc3 32. Re3 Rc4 33. Rd3 Bd5 34. Ne5 Rc1+ 35. Kh2 Rb1 36. Nd7 Bc6 37. Nb6 Bb5 38. Rd2 Ra1 39. d5 Kf8 40. d6 Ke8 41. Rc2 f5 42. Rc8+ Kf7 43. gxf5 gxf5 44. d7 Bxd7 45. Nxd7 Rxa3 46. Nc5 Ra2 47. Kg3 Rc2 48. Rc7+ Kg6 49. Nxa6 Rb2 50. Rb7 h5 51. Kh4 Rxf2 52. Rb6+ Kf7 53. Kg5 Rg2+ 54. Kxh5 f4 55. Rc6 f3 56. Rc3 f2 57. Rf3+ Ke7 58. Nc5 Kd8 59. Nd3 f1Q 60. Rxf1 Rg3 61. Nf4 Rb3 62. Rd1+ Kc8 63. Rd4 Rg3 64. h4 Kb7 65. Ne6 Kb6 66. Kh6 Kb5 67. Kh7 Rg1 68. h5 Rg2 69. Ng7 Rh2 70. Rg4 Ra2 71. Kg8 Ra8+ 72. Kf7 Ra7+ 73. Kf8 Ra8+ 74. Ne8 Kc6 75. h6 1-0

[Event "BRA-ch Amateur U1800"]
[Site "Sao Paulo"]
[Date "2016.05.28"]
[Round "6"]
[White "De Freitas, Leandro Henrique"]
[Black "Da Silva, Tobias Gonzaga"]
[Result "0-1"]
[WhiteElo "1654"]
[BlackElo "1586"]
[PlyCount "114"]
[EventDate "2016.05.26"]
[EventType "swiss"]
[EventRounds "7"]
[EventCountry "BRA"]
[SourceTitle "EXT 2019"]
[Source "ChessBase"]
[SourceDate "2018.10.10"]
[SourceVersion "1"]
[SourceVersionDate "2018.10.10"]
[SourceQuality "1"]

1. c4 Nf6 2. Nc3 e6 3. g3 d5 4. cxd5 exd5 5. d4 Be7 6. Bg2 0-0 7. Nf3 c5 8. 0-0 Ne4 9. dxc5 Nxc3 10. bxc3 Bxc5 11. Nd4 Nc6 12. Nb3 Qb6 13. Qxd5 Be7 14. Be3 Qc7 15. Qd2 Bf5 16. Nd4 Rad8 17. Qb2 Nxd4 18. Bxd4 b6 19. Rad1 Qc4 20. Qb3 Qxb3 21. axb3 Bc2 22. Ra1 Bc5 23. Bxc5 bxc5 24. Rxa7 Rd2 25. c4 Bxb3 26. Bd5 Rxe2 27. Rb1 Bc2 28. Rxf7 Bxb1 29. Re7+ Kh8 30. Rxe2 Rb8 31. Re6 Bf5 32. Rc6 Bh3 33. f4 Rb1+ 34. Kf2 Rb2+ 35. Ke3 Rxh2 36. Rxc5 g6 37. Rc7 Ra2 38. Bf3 Ra3+ 39. Ke4 Bf5+ 40. Ke5 Rxf3 41. Kf6 Re3 42. Ra7 Re8 43. Kf7 Rc8 44. c5 Rxc5 45. Ra8+ Rc8 46. Rxc8+ Bxc8 47. Kf8 h5 48. Kf7 Bf5 49. Kf6 Kh7 50. Kg5 Kg7 51. Kh4 Kf6 52. g4 Bxg4 53. Kg3 Kf5 54. Kh4 Ke4 55. Kg3 Bf5 56. Kh4 Kf3 57. Kg5 Kg3 0-1

[Event "BRA-ch Amateur U1800"]
[Site "Sao Paulo"]
[Date "2016.05.27"]
[Round "3"]
[White "Dos Reis, Bruna Cristina"]
[Black "Da Silva, Tobias Gonzaga"]
[Result "1/2-1/2"]
[WhiteElo "1181"]
[BlackElo "1586"]
[PlyCount "63"]
[EventDate "2016.05.26"]
[EventType "swiss"]
[EventRounds "7"]
[EventCountry "BRA"]
[SourceTitle "EXT 2019"]
[Source "ChessBase"]
[SourceDate "2018.10.10"]
[SourceVersion "1"]
[SourceVersionDate "2018.10.10"]
[SourceQuality "1"]

1. d4 Nf6 2. Nc3 e6 3. Nf3 d5 4. e3 c5 5. b3 Nc6 6. Bb2 Qa5 7. Qd2 a6 8. a4 Nb4 9. Bd3 Nxd3+ 10. Qxd3 Bd6 11. 0-0 Qc7 12. h3 Bd7 13. Rfe1 0-0 14. e4 dxe4 15. Nxe4 Nxe4 16. Rxe4 f5 17. Re2 h6 18. Rd1 Rad8 19. dxc5 Bxc5 20. Qc3 Bc8 21. Rxd8 Rxd8 22. Rd2 Rxd2 23. Nxd2 Bd6 24. Qxc7 Bxc7 25. Kf1 b5 26. axb5 axb5 27. Ke2 Kf7 28. Ke3 e5 29. f3 Ke6 30. g3 Bb6+ 31. Ke2 Bc5 32. f4 1/2-1/2

[Event "Sao Paulo Freitas op 2nd"]
[Site "Sao Paulo"]
[Date "2016.04.17"]
[Round "6"]
[White "Da Silva, Tobias Gonzaga"]
[Black "Coelho, Tatiane Cristina"]
[Result "1-0"]
[WhiteElo "1586"]
[BlackElo "1797"]
[PlyCount "121"]
[EventDate "2016.04.15"]
[EventType "swiss"]
[EventRounds "6"]
[EventCountry "BRA"]
[SourceTitle "EXT 2017"]
[Source "ChessBase"]
[SourceDate "2016.10.25"]
[SourceVersion "1"]
[SourceVersionDate "2016.10.25"]
[SourceQuality "1"]

1. e4 c5 2. Nf3 g6 3. c3 Nf6 4. e5 Nd5 5. Bc4 Nb6 6. Bxf7+ Kxf7 7. Ng5+ Kg8 8. 0-0 Bg7 9. d4 cxd4 10. cxd4 Nc6 11. f4 e6 12. Nc3 a6 13. d5 h6 14. Nge4 exd5 15. Nxd5 Nxd5 16. Qxd5+ Kh7 17. Be3 Ne7 18. Qf7 Rf8 19. Qb3 b5 20. Rad1 Nf5 21. Bc5 Re8 22. Qf7 Rf8 23. Bxf8 Qxf8 24. Nf6+ Kh8 25. Qxg6 Bxf6 26. Qxf5 Bg7 27. Qxf8+ Bxf8 28. f5 Rb8 29. Kf2 Rb6 30. e6 Bc5+ 31. Ke2 Bd6 32. Rc1 Rc6 33. Rfd1 Be7 34. g4 Bg5 35. Rxc6 dxc6 36. Rd6 c5 37. Rc6 Bb7 38. Rc7 Bd5 39. e7 Bc4+ 40. Kd1 Bxe7 41. Rxe7 Bxa2 42. Ra7 Bd5 43. Ke2 b4 44. Kd2 Bf3 45. h3 Bg2 46. Rxa6 Kg7 47. Rg6+ Kh7 48. h4 c4 49. h5 Be4 50. Rb6 b3 51. Kc3 Bd3 52. Rb4 Kg7 53. Rxc4 Bc2 54. Rb4 Bd1 55. Kd2 Bc2 56. Rc4 Bb1 57. Rc3 Ba2 58. Rc1 Kf6 59. Ke3 Ke5 60. Rc6 Bb1 61. Rxh6 1-0

[Event "Sao Paulo Freitas op 2nd"]
[Site "Sao Paulo"]
[Date "2016.04.15"]
[Round "1"]
[White "Caldeira, Tiago Pereira"]
[Black "Da Silva, Tobias Gonzaga"]
[Result "1-0"]
[WhiteElo "2010"]
[BlackElo "1586"]
[PlyCount "65"]
[EventDate "2016.04.15"]
[EventType "swiss"]
[EventRounds "6"]
[EventCountry "BRA"]
[SourceTitle "CBM 171 Extra"]
[Source "ChessBase"]
[SourceDate "2016.04.26"]
[SourceVersion "1"]
[SourceVersionDate "2016.04.26"]
[SourceQuality "1"]

1. d4 Nf6 2. c4 e6 3. Nc3 c5 4. d5 d6 5. Nf3 g6 6. h3 Bg7 7. Bf4 exd5 8. cxd5 a6 9. a4 0-0 10. e3 Re8 11. Bd3 b6 12. 0-0 Bb7 13. Qb3 Qc7 14. Nd2 Nbd7 15. e4 Rac8 16. Nc4 Bf8 17. Rae1 Nh5 18. Bh2 f6 19. f4 Ng7 20. e5 dxe5 21. d6 Qd8 22. Nxb6+ Kh8 23. Nxc8 Qxc8 24. fxe5 fxe5 25. Be4 Bxe4 26. Nxe4 Nf5 27. Qd5 Bh6 28. Rf3 Qb8 29. g4 Qb4 30. Nc3 Nd4 31. Rf7 Qxb2 32. Rxd7 Qxc3 33. Bxe5+ 1-0

[Event "Cuiaba Contaud op"]
[Site "Cuiaba"]
[Date "2015.08.02"]
[Round "5"]
[White "Said, Munir Calixto"]
[Black "Da Silva, Tobias Gonzaga"]
[Result "1-0"]
[WhiteElo "1983"]
[BlackElo "1652"]
[PlyCount "39"]
[EventDate "2015.07.31"]
[EventType "swiss"]
[EventRounds "6"]
[EventCountry "BRA"]
[SourceTitle "EXT 2016"]
[Source "ChessBase"]
[SourceDate "2015.10.08"]
[SourceVersion "1"]
[SourceVersionDate "2015.10.08"]
[SourceQuality "1"]

1. d4 Nf6 2. c4 e6 3. a3 c5 4. Nf3 d5 5. dxc5 Bxc5 6. b4 Be7 7. e3 0-0 8. Qc2 dxc4 9. Bxc4 Qc7 10. 0-0 b5 11. Bb3 Qxc2 12. Bxc2 Rd8 13. Bb2 Bb7 14. Nd4 Bd5 15. Bd3 a6 16. Nc3 Nc6 17. Nxd5 Nxd4 18. Nxe7+ Kf8 19. Bxd4 Kxe7 20. Bc5+ 1-0

[Event "Cuiaba Contaud op"]
[Site "Cuiaba"]
[Date "2015.07.31"]
[Round "1"]
[White "Da Silva, Tobias Gonzaga"]
[Black "Fernandes Filho, Bergson Fragoso"]
[Result "0-1"]
[WhiteElo "1652"]
[BlackElo "2114"]
[PlyCount "66"]
[EventDate "2015.07.31"]
[EventType "swiss"]
[EventRounds "6"]
[EventCountry "BRA"]
[SourceTitle "EXT 2016"]
[Source "ChessBase"]
[SourceDate "2015.10.08"]
[SourceVersion "1"]
[SourceVersionDate "2015.10.08"]
[SourceQuality "1"]

1. e4 d6 2. d4 Nf6 3. Nc3 g6 4. Nf3 Bg7 5. Be2 0-0 6. 0-0 c5 7. dxc5 dxc5 8. Bf4 Nc6 9. Qxd8 Rxd8 10. Rad1 Be6 11. Ng5 Nd4 12. Nxe6 Nxe6 13. Be5 Nd4 14. Bd3 Rac8 15. Bxd4 cxd4 16. Ne2 Ng4 17. h3 Ne5 18. Rc1 Bh6 19. f4 Nc4 20. Bxc4 Rxc4 21. Rfd1 e5 22. g3 f6 23. h4 Bf8 24. Rd3 f5 25. b3 Rcc8 26. fxe5 fxe4 27. Rxd4 Bc5 28. Rcd1 Bxd4+ 29. Nxd4 Rxc2 30. e6 Rc3 31. Kg2 Rd3 32. e7 Re8 33. Rc1 Rxd4 0-1